Biblioteca

Enciclopedia por imagenes : Las Motos / il. : Kim Broe-Ward (Registro nro. 47570)

Detalles MARC
000 -LÍDER
Campo fijo de descripción fija 004070000a22001690004500
001 - NÚMERO DE CONTROL
Campo de control 325
003 - IDENTIFICADOR DEL NÚMERO DE CONTROL
Campo de control CO-MdFUSB
005 - FECHA Y HORA DE LA ULTIMA TRANSACCIÓN
control field 20180410144340.0
008 - ELEMENTOS DE LONGITUD FIJA -- INFORMACIÓN GENERAL
Campo fijo de descripción fija -- Información general 180410b xxu||||| |||| 00| 0 eng d
020 ## - NÚMERO INTERNACIONAL NORMALIZADO PARA LIBROS
Número Internacional Normalizado del libro 2. 215.061.41.3
040 ## - FUENTE DE CATALOGACIÓN
Agencia que realiza la transcripción CO-MdBIC
082 04 - NÚMERO DE CLASIFICACIÓN DECIMAL DEWEY
Número de clasificación 036 F63m
245 10 - TÍTULO
Título del Material Enciclopedia por imagenes : Las Motos / il. : Kim Broe-Ward
260 ## - PUBLICACIÓN, DISTRIBUCIÓN, ETC. (PIE DE IMPRENTA)
Lugar de publicación, distribución, etc. Paris : Fleurus
300 ## - DESCRIPCIÓN FÍSICA
Extensión 27 P.
942 ## - TIPO DE MATERIAL (KOHA)
Tipo de Item KOHA Z- Libro General BINCO
Existencias
Estado de Material Estado de Perdido Forma de Clasificación Volumen-Parte/Tomo Estado de Dañado No para Préstamo Tomo Biblioteca de Origen Biblioteca Permanente Fecha de Adquisición Total de Préstamos Total de Renovaciones Signatura Topográfica Código de Barras Última vez visto Última vez Préstado Ejemplar/Existencia Fecha de Remplazo Tipo de Material
    Dewey Decimal Classification         Biblioteca Infantil Comunitaria BINCO Biblioteca Infantil Comunitaria BINCO 24/02/2006 1 2 036 F63m B31065 23/08/2022 06/07/2022 1 26/01/2016 Z- Libro General BINCO

Biblioteca FUSBC | Teléfono: (57+4) 349 88 10 Ext. 141| WhatsApp (+57) 3005338115 
E-mail: biblioteca@unisbc.edu.co | Calle 76 87-14 Robledo Palenque, Medellín, Colombia

Con tecnología Koha